00630nam a22001937a 450000500170000001000190001702000260003603500130006203700130007508200060008810000190009424500360011326000360014927000630018530000210024894200200026999900170028995201300030620140606114429.0 aENG-109907  a9789380658650c695.00 aEN-93440 bDBAD/PUB aN aShehryar Fazli aInvitation /cby Shehryar Fazli aChennaibTranquebar Pressc2013 aVenkat Towers,165, P.H. Road, MaduravoyalbChennaie600095 a385p..c23cm(Hb) 2ddccENmFAZhN c84917d84917 001040718FICaDBADbDBADd2014-06-06eDBAD/PUBg695.00l0oN FAZpEN-93440r2014-06-06 00:00:00t1v695.00w2014-06-06yEN